| 000 -ლიდერი |
| ფიქსირებული სიგრძის საკონტროლო ველი |
02253nam a22002657a 4500 |
| 003 - საკონტროლო ნომრის იდენტიფიკატორი |
| საკონტროლო ველი |
Ge_BSU |
| 005 - ბოლო ოპერაციის თარიღი და დრო |
| საკონტროლო ველი |
20230616115820.0 |
| 008 - ფიქსირებული სიგრძის მონაცემთა ელემენტები - ზოგადი ინფორმაცია |
| ფიქსირებული სიგრძის საკონტროლო ველი |
230616s2017 ge ||||| |||| 00| 0 geo d |
| 020 ## - წიგნის საერთაშორისო სტანდარტული ნომერი |
| International Standard Book Number |
9789941098307 |
| 041 ## - ენის კოდი |
| Language code of text/sound track or separate title |
geo |
| 080 ## - უნივერსალური ათობითი კლასიფიკაციის ინდექსი |
| Universal Decimal Classification number |
94(479.22)(075.8)+39(479.22) თ-77 |
| 100 ## - მთავარი ჩანაწერი - პიროვნების სახელი |
| Personal name |
თოფჩიშვილი, როლანდ |
| 9 (RLIN) |
4620 |
| 245 ## - ცნობა სათაურის შესახებ |
| Title |
საქართველოს ისტორიულ-ეთნოგრაფიული მხარეები / |
| Statement of responsibility, etc |
როლანდ თოფჩიშვილი; რედაქტორები: ნათია ჯალაბაძე, თეიმურაზ გვიმრაძე, გიორგი ჭეიშვილი; საქ. პარლამენტის ეროვნული ბიბ-კა, ივანე ჯავახიშვილის სახ. თბილისის სახელმწ. უნ-ტი. |
| 264 ## - წარმოების, გამოცემის, დისტრიბუციის და სხვა ცნობები |
| გამოცემის, წარმოების, დისტრიბუციის... ადგილი |
თბილისი : |
| გამოცემის, წარმოების, დისტრიბუციის... სახელწოდება |
საჩინო, |
| გამოცემის, წარმოების, დისტრიბუციის... თარიღი |
2017. |
| 300 ## - ფიზიკური აღწერა |
| Extent |
515 გვ.: |
| Other physical details |
1 ფ. დაკეც. რუკა ; |
| Dimensions |
24 სმ. |
| 500 ## - ზოგადი შენიშვნა |
| General note |
ეძღვნება ქართული ეთნოლოგიური მეცნიერების ორი შესანიშნავი წარმომადგენლის თინათინ ოჩიაურისა (1920-2010) და ჯულიეტა რუხაძის (1921-2012) ნათელ ხსოვნას. |
| 504 ## - BIBLIOGRAPHY, ETC. NOTE |
| Bibliography, etc |
ბიბლიოგრ. ტექსტის შენიშვნებში |
| 653 ## - INDEX TERM--UNCONTROLLED |
| Uncontrolled term |
საქართველოს ისტორია |
| 653 ## - INDEX TERM--UNCONTROLLED |
| Uncontrolled term |
საქართველოს ეთნოგრაფია |
| 700 ## - ADDED ENTRY--PERSONAL NAME |
| Personal name |
ჯალაბაძე, ნათია |
| Relator term |
რედაქტორი |
| 9 (RLIN) |
17611 |
| 700 ## - ADDED ENTRY--PERSONAL NAME |
| Personal name |
გვიმრაძე, თეიმურაზ |
| Relator term |
რედაქტორი |
| 9 (RLIN) |
18759 |
| 700 ## - ADDED ENTRY--PERSONAL NAME |
| Personal name |
ჭეიშვილი, გიორგი |
| Relator term |
რედაქტორი |
| 9 (RLIN) |
18760 |
| 710 ## - ADDED ENTRY--CORPORATE NAME |
| Corporate name or jurisdiction name as entry element |
საქ. პარლამენტის ეროვნული ბიბ-კა. |
| Subordinate unit |
ივანე ჯავახიშვილის სახ. თბილისის სახელმწ. უნ-ტი. |
| 9 (RLIN) |
18761 |
| 942 ## - ADDED ENTRY ELEMENTS (KOHA) |
| Source of classification or shelving scheme |
|
| Koha item type |
წიგნი |